书目信息 |
| 题名: |
如何提升现场表演技巧
|
|
| 作者: | 迪安 著 ;笑果研究所 译 | |
| 分册: | ||
| 出版信息: | 杭州 浙江人民出版社 2021.4 |
|
| 页数: | 103页 | |
| 开本: | 23cm | |
| 丛书名: | 手把手教你玩脱口秀实战系列 | |
| 单 册: | ||
| 中图分类: | J812.3 | |
| 科图分类: | ||
| 主题词: | 表演艺术--语言艺术 | |
| 电子资源: | ||
| ISBN: | 978-7-213-09350-0 | |
| 000 | 01239nam 2200301 45 | |
| 001 | 012001000656 | |
| 005 | 20130909115635.0 | |
| 010 | @a978-7-213-09350-0@dCNY39.90 | |
| 099 | @aCAL 012020010820 | |
| 100 | @a20200106d2019 em y0chiy0110 ea | |
| 101 | 1 | @achi@ceng |
| 102 | @aCN@b330000 | |
| 105 | @ay z 000yy | |
| 106 | @ar | |
| 200 | 1 | @a如何提升现场表演技巧@Aru he ti sheng xian chang biao yan ji qiao@f(美) 格雷格·迪安著@d= How to be a funny performer@fGreg Dean@g笑果研究所译@zeng |
| 210 | @a杭州@c浙江人民出版社@d2021.4 | |
| 215 | @a103页@d23cm | |
| 225 | 2 | @a手把手教你玩脱口秀实战系列@Ashou ba shou jiao ni wan tuo kou xiu shi zhan xi lie |
| 314 | @a格雷格·迪安, 美国家喻户晓的喜剧演员。 | |
| 330 | @a本书主要内容包括: 把每场表演录下来、准备一个笑话列表、告诉主持人如何介绍你、热身、在掌声中上台、避免老掉牙的开场白、设计一个强有力的开场、承认现场的异常状况、避免常用的老套做法等。 | |
| 461 | 0 | @12001 @a手把手教你玩脱口秀实战系列 |
| 500 | 10 | @aHow to be a funny performer@mChinese |
| 606 | 0 | @a表演艺术@x语言艺术 |
| 690 | @aJ812.3@v5 | |
| 701 | 1 | @a迪安@Adi an@g(Dean, Greg)@4著 |
| 712 | 02 | @a笑果研究所@Axiao guo yan jiu suo@4译 |
| 801 | @aCN@b江苏凤凰@c20211018 | |
| 905 | @b1340512-5@dJ812.3@e148@f4 | |
| 如何提升现场表演技巧/(美) 格雷格·迪安著= How to be a funny performer/Greg Dean/笑果研究所译.-杭州:浙江人民出版社,2021.4 |
| 103页;23cm.-(手把手教你玩脱口秀实战系列) |
| ISBN 978-7-213-09350-0:CNY39.90 |
| 本书主要内容包括: 把每场表演录下来、准备一个笑话列表、告诉主持人如何介绍你、热身、在掌声中上台、避免老掉牙的开场白、设计一个强有力的开场、承认现场的异常状况、避免常用的老套做法等。 |
| ● |
| 相关链接 |
|
|
|
|
正题名:如何提升现场表演技巧
索取号:J812.3/148
 
预约/预借
| 序号 | 登录号 | 条形码 | 馆藏地/架位号 | 状态 | 备注 |
| 1 | 1340512 | 213405126 | 第一样本阅览室/ [索取号:J812.3/148] | 在馆 | |
| 2 | 1340513 | 213405135 | 第一借阅区/ [索取号:J812.3/148] | 在馆 | |
| 3 | 1340514 | 213405144 | 第一借阅区/ [索取号:J812.3/148] | 在馆 | |
| 4 | 1340515 | 213405153 | 第一借阅区/ [索取号:J812.3/148] | 在馆 |